30 personajes de la historia de España que probablemente no conozcas - Statistics

General Stats
  • This quiz has been taken 23 times
  • The average score is 3 of 30
Answer Stats
Pista Respuesta % Correct
Uno de los toreros más famosos de la historia, murió en la plaza de Linares. Manolete
33%
Autor de la primera gramática castellana. Antonio de Nebrija
27%
Filósofo y médico musulmán. Escribió una enciclopedia médica, pero sobre todo se lo conoce por ser comentador de la obra de Aristóteles. Averroes
27%
Dos héroes del 2 de mayo de 1808 que lideraron la defensa del cuartel de artillería de Monteleón en Madrid. Daoiz y Velarde
27%
Primer Inquisidor General de Castilla (pista: era camarada). Tomás de Torquemada
27%
Líder socialista, uno de los primeros presidentes de la II República, al que Stalin tuvo que pedir en un telegrama que guardase las formas democráticas. Francisco Largo Caballero
20%
Compositor y pianista español cuya obra cumbre, Iberia, plasma el alma musical de España. Isaac Albéniz
20%
Cartógrafo y compañero de Colón, su mapa del mundo fue clave. Juan de la Cosa
20%
Rey visigodo que unificó gran parte de la península ibérica antes de la llegada del islam. Leovigildo
20%
Director de cine que destacó por su trabajo en el surrealismo y su colaboración con Salvador Dalí en "Un perro andaluz". Luis Buñuel
20%
Ministro, favorito y comandante de Juan II de Castilla que, sin embargo, terminó ejecutándolo. Álvaro de Luna
13%
Defendió el Alcázar de Toledo aun sabiendo que eso supondría que ejecutasen a su hijo. José Moscardó
13%
Uno de los principales teóricos del nacional-sindicalismo y fundador, en 1931, de las Juntas de Ofensiva Nacional Sindicalista (JONS). Ramiro Ledesma
13%
Sobrevivió a un naufragio, fue de los primeros en explorar el sur de Estados Unidos y el norte de México y descubrió las cataratas de Iguazú, a las que llamó "Saltos de Santa María". Álvar Núñez Cabeza de Vaca
7%
Pintor del Siglo de Oro español conocido por sus retratos de monjes y santos y por su dominio de la luz y el color. Francisco de Zurbarán
7%
Español que llegó a México antes que Cortés, se convirtió en jefe maya y luchó contra los conquistadores españoles. Gonzalo Guerrero
7%
Hermano de Felipe IV que fue a la vez cardenal y general en los campos de batalla del siglo XVII. Combatió en la Guerra de los Treinta Años. Cardenal-infante Fernando de Austria
0%
Teólogo y filósofo dominico español, conocido por sus estudios sobre la ética y el derecho natural y por su participación en las disputas teológicas sobre el libre albedrío y la libertad humana. Domingo de Soto
0%
Marino español, el primer europeo en avistar el paso entre el Atlántico y el Pacífico por el sur del continente americano un año antes de que lo hiciera Drake. Francisco de Hoces
0%
Jesuita y filósofo español, autor de las Disputaciones metafísicas. Es considerado uno de los grandes exponentes de la escolástica del Siglo de Oro. Francisco Suárez
0%
Venció a los franceses en la Batalla de Bailén durante la Guerra de la Independencia Española, convirtiéndose en el primer general que venció a Napoleón en campo abierto. General Castaños
0%
Escocés de nacimiento y español de adopción. Creó la Leal Legión Extremeña y el Cuerpo Volante de Leales de Pizarro, que iba ataviado con ropajes de los tiempos de Carlos V. Fue capturado en la batalla del Puente de Triana después de lanzar la espada de Pizarro a los suyos para que no cayera en manos de los franceses. John Downie
0%
Inventor español pionero en la automatización, la aeronáutica y el mando a distancia. Leonardo Torres Quevedo
0%
Inventor de la fregona. Manuel Jalón
0%
Actuó como regente de Castilla hasta en tres ocasiones durante los siglos XIII y XIV, consolidando la monarquía frente a la nobleza. María de Molina
0%
Primer astronauta de origen español en viajar al espacio con la NASA. Miguel López-Alegría
0%
Pensador del siglo XVI que descubrió cómo la sangre fluye desde el corazón a los pulmones, y a quien condenaron a muerte por herejía en la Ginebra de Calvino. Miguel Servet
0%
Conquistador español que se enfrentó a Hernán Cortés en México y que intentó arrestarlo por orden de Diego Velázquez, gobernador de Cuba. Pánfilo de Narváez
0%
Descubridor de las fuentes del Nilo en 1618. Pedro Páez
0%
Reconocido diplomático, persona non grata en Guinea Ecuatorial y embajador en Washington. Ramón Gil-Casares
0%
No matching quizzes found
Score Distribution
Percent of People with Each Score
Percentile by Number Answered
Your Score History
You have not taken this quiz